Nghệ thuật trần thuật trong truyện ngắn Nguyễn Quang Sáng Luận văn thạc sĩ Ngữ Văn . Chuyên ngành: Lý luận văn học . Mã số: 60.22.32

Đã lưu trong:
書目詳細資料
主要作者: Hồ, Toàn Thiện
其他作者: Đinh, Trí Dũng (Hướng dẫn)
格式: 工具包 圖書
語言:Vietnamese
出版: Nghệ An Đại học Vinh 2013
主題:
標簽: 添加標簽
沒有標簽, 成為第一個標記此記錄!
Thư viện lưu trữ: Trung tâm Học liệu Lê Vũ Hùng, Trường Đại học Đồng Tháp
LEADER 01114ppm a22002658a 4500
001 00041080
005 20180316090305.0
008 121122s2009 ||||||viesd
041 0 # |a vie 
082 1 4 |a 895.922 300 9  |b NGH250TH 
100 1 # |a Hồ, Toàn Thiện 
245 0 0 |a Nghệ thuật trần thuật trong truyện ngắn Nguyễn Quang Sáng  |b Luận văn thạc sĩ Ngữ Văn . Chuyên ngành: Lý luận văn học . Mã số: 60.22.32  |c Hồ Toàn Thiện; Đinh Trí Dũng (hướng dẫn) 
260 # # |a Nghệ An  |b Đại học Vinh  |c 2013 
300 # # |c 30 cm  |a 116tr. 
500 # # |a ĐTTS ghi: Bộ giáo dục và đào tạo. Đại học Vinh 
653 # # |a Luận văn 
653 # # |a Văn học Việt Nam 
653 # # |a Trần thuật 
653 # # |a Nghệ thuật 
653 # # |a Nguyễn Quang Sáng 
653 # # |a Truyện ngắn 
700 1 # |a Đinh, Trí Dũng  |e Hướng dẫn 
852 # # |j LV.0001802 
910 |d 16/03/2018 
980 # # |a Trung tâm Học liệu Lê Vũ Hùng, Trường Đại học Đồng Tháp